Une équipe, un pays - Statistiques

Statistiques générales
  • Ce quiz a été pris 72 fois
    48 depuis la dernière actualisation
  • Le résultat moyen est 16 sur 43
Réponses sur la Carte
Les réponses sont colorées sur une échelle allant du rouge au vert en fonction du pourcentage des utilisateurs qui les ont devinées à leur premier essai. Vous pouvez retrouver ces pourcentages ci-dessous.
 
Statistiques - réponses
Réponse % Correct
AC Milan
100%
FC Nantes
95%
Stuttgart
82%
Chakhtar Donetsk
71%
HJK Helsinki
66%
KRC Genk
61%
Zenit
61%
FK Dinamo Minsk
58%
Osasuna
58%
Linfield FC / TNS / Celtic Glasgow / Everton
55%
Malmö FF
55%
Dinamo Zagreb
53%
Guimaraes
53%
PAOK
50%
Servette FC
47%
Twente
45%
Partizani Tirana
42%
Vaduz
42%
Midtjylland
39%
Víkingur Reykjavik
39%
Etoile Rouge
34%
Olimpija Ljubljana
34%
Strum Graz
34%
Rīgas FS
29%
Slovan Bratislava
26%
F91 Dudelange
24%
FCSB
24%
Molde FK
24%
Ferencváros TC
21%
Lech
21%
Viktoria Plzen
21%
Sheriff Tiraspol
16%
Shelbourne
13%
FCI Levadia
11%
HŠK Zrinjski Mostar
11%
Inter Club Escaldes
11%
La Fiorita
11%
Birkirkara
8%
Hegelmann
8%
Ludogorets
8%
Malisheva
5%
Buducnost
3%
Rabotnički
3%
Aucun quiz correspondant
Distribution des résultats
% des personnes avec chaque résultat
Percentile par nombre de réponses
Votre historique - résultats
Vous n’avez pas pris ce quiz depuis la dernière actualisation